[Event "FIDE Online Olympiad Top Division 2020"]
[Site "Online"]
[Date "2020.08.22"]
[Round "?"]
[White "Svane, Rasmus"]
[Black "Ding, Liren"]
[Result "1/2-1/2"]
[WhiteElo "2548"]
[BlackElo "2740"]
[Annotator "TA"]
[PlyCount "113"]
[EventDate "2020.08.21"]
[SourceTitle "playchess.com"]
[Source "ChessBase"]
[SourceQuality "1"]

{[%evp 13,113,-8,25,8,16,17,24,16,10,-20,-16,-31,-16,-29,-18,-17,-31,-17,-18,-23,0,0,0,0,0,0,0,0,12,-3,-4,-3,15,0,0,0,0,-27,-7,0,0,0,0,-8,0,0,0,0,0,0,0,0,0,-4,-3,-28,-8,-18,-24,-38,-10,-21,0,-9,-8,-3,0,0,0,0,0,0,0,0,0,-8,-8,-14,-5,-101,-10,-41,-8,-8,-8,-8,-8,-8,0,0,0,0,0,0,0,0,0,0,0,0,0,0]} 1. Nf3 d5 2. g3 g6 3. Bg2 Bg7 4. d4 Nf6 5. O-O O-O 6. c4 c6 7. Qb3 a5 8. Rd1 {D78: Fianchetto Grünfeld: 6 0-0 c6.} a4 9. Qb4 Re8 10. Bf4 {White has an edge.} Nbd7 {[#]} 11. a3 $146 ({Predecessor:} 11. Na3 e6 12. Qe1 h6 13. Rac1 g5 14. Bd6 Ne4 15. Bb4 f5 16. Nc2 g4 17. Nh4 {1-0 (76) Tomashevsky,E (2706)-Alekseenko,K (2668) Izhevsk 2019}) 11... dxc4 12. Qxc4 e5 13. dxe5 Nxe5 14. Qc1 Nxf3+ 15. Bxf3 Qb6 {[#] ...Ng4 is the strong threat.} 16. Be3 Rxe3 (16... Qa5 {is more complex.} 17. Bd4 Be6 18. Nd2 Red8 19. Qc3 Qxc3 20. bxc3 Rac8) 17. Qxe3 ({Much weaker is} 17. fxe3 {[#]} Ne4 $1 $17 {[%mdl 512]}) 17... Qxe3 18. fxe3 Be6 19. Nc3 Nd7 20. Rd2 Kf8 21. Rad1 Ke7 22. Ne4 Ra5 23. Kf2 h6 24. Rc1 Be5 25. Rd4 f5 26. Nc3 Bxd4 27. exd4 Nb6 28. e3 Bb3 29. Be2 Ra8 30. Nb1 Bd5 31. Bd3 Kd6 32. Nd2 Rf8 33. h4 Nd7 34. Bc4 (34. Ke2 {keeps more tension.} Nf6 35. Nc4+ Kc7 36. Ne5 Rg8 37. Rf1) 34... Nf6 35. Bxd5 cxd5 $11 {[%mdl 4096] Endgame KRN-KRN} 36. Nf3 Ng4+ (36... g5 $5) 37. Ke2 Ra8 38. Rc5 Re8 39. Rc3 Re7 40. b3 axb3 41. Rxb3 b5 42. Kd2 Kc6 43. Ke2 Ra7 44. Kd2 Ra4 45. Kd3 Rc4 46. Rb1 (46. Rb2 $11) 46... Kb6 (46... Nf2+ $17 47. Ke2 Rc2+ 48. Kf1 Nd3) 47. Ne5 (47. Nd2 $5 {[%cal Rd2c4]} Ra4 48. Rb3 $11) 47... Nxe5+ 48. dxe5 $15 {KR-KR. The position is equal.} Re4 49. h5 gxh5 50. Rh1 Rxe5 51. Rxh5 Ka5 52. Rxh6 Re4 53. Rd6 Re5 54. Kd4 Re4+ 55. Kd3 Re5 56. Kd4 Re4+ 57. Kd3 {Accuracy: White = 84%, Black = 91%.} 1/2-1/2

[Event "FIDE Online Olympiad Top Division 2020"]
[Site "Online"]
[Date "2020.08.22"]
[Round "?"]
[White "Svane, Rasmus"]
[Black "Le, Quang Liem"]
[Result "1/2-1/2"]
[WhiteElo "2547"]
[BlackElo "2567"]
[Annotator "TA"]
[PlyCount "131"]
[EventDate "2020.08.21"]
[SourceTitle "playchess.com"]
[Source "ChessBase"]
[SourceQuality "1"]

{[%evp 20,131,20,20,22,22,14,19,22,29,18,-18,-8,-26,0,0,0,0,0,0,0,0,0,0,56,47,74,53,50,0,0,1,36,20,42,51,37,50,86,35,81,60,69,76,68,37,45,43,79,0,0,-143,-143,-143,-143,-215,-215,-219,-219,-212,-193,-219,-212,-204,-212,-212,-212,-212,-212,-212,-212,-212,-212,-212,-212,-212,-212,-212,-212,-212,-212,-212,-136,-212,-212,-212,-212,-212,-212,-212,-212,-212,0,-207,0,-205,-200,-188,-171,-222,-226,-212,-195,-375,-171,-183,-171,-249,0,-169,-176,-176,0,-159]} 1. Nf3 d5 2. g3 c5 3. Bg2 Nc6 4. d4 Nf6 5. O-O e6 6. c4 dxc4 7. dxc5 Qxd1 8. Rxd1 Bxc5 9. Nbd2 c3 10. bxc3 O-O 11. Nb3 Be7 {E04: Open Catalan: 5 Nf3.} 12. Nfd4 Nxd4 13. cxd4 Nd5 14. Bd2 f5 15. Rac1 b6 {[#]} 16. Rc6 $146 ({Predecessor:} 16. Bxd5 exd5 17. Rc7 Bd8 18. Rc2 Ba6 19. Bf4 Be7 20. Rdc1 Ba3 21. Rb1 Rac8 22. Na1 {1-0 (57) Vachier Lagrave,M (2780)-So,W (2754) Abidjan 2019}) 16... Rd8 17. Rdc1 Ba3 {Strongly threatening ...Bd7.} 18. R1c2 Bd7 19. Bxd5 exd5 20. Rc7 Bb5 21. Bf4 Bc4 (21... Rd7 $11) 22. Nd2 $14 b5 23. Be5 $36 {[%mdl 2048] White fights for an advantage.} Bf8 24. Nf1 Rdc8 25. Rb7 Re8 26. Ne3 Re7 27. Rxe7 Bxe7 28. Nxf5 Bf8 29. Bd6 (29. Ne3 $16) 29... Re8 30. Kf1 Re6 31. Bxf8 Kxf8 {[%mdl 4096] Endgame KRB-KRN} 32. Ne3 (32. a3 {seems wilder.} g5 33. Ne3 Rh6 34. Ng4 Ra6 35. Rc3) 32... Ra6 33. Nxc4 dxc4 {KR-KR} 34. Rb2 (34. e4 $16) 34... Ra5 $11 35. Kg2 (35. Rc2 $11) 35... c3 $17 36. Rc2 b4 37. Kf3 {[#]} (37. e3 $17 {keeps fighting.}) 37... Rxa2 $3 $19 {[%mdl 512]} 38. Rxa2 {Hoping for Rc2. KR-KP} b3 39. Rxa7 h6 40. Rc7 b2 41. Rxc3 b1=Q {KQ-KR} 42. h4 Qh1+ 43. Ke3 Ke7 44. Rc5 g6 $1 45. Re5+ Kf6 46. Rc5 Qg2 47. Ra5 Qb7 48. Rc5 Qb3+ 49. Kd2 Qb4+ 50. Ke3 Ke6 51. Rc6+ {[#]} (51. h5 $17) 51... Kd5 $1 52. Rc5+ Kd6 53. Kd3 Qa3+ 54. Ke4 Qa8+ 55. Ke3 Qa3+ 56. Ke4 $1 Qa8+ 57. Ke3 $1 Qa4 58. Ke4 Qb3 59. Re5 (59. Kf4 $142) 59... Qc2+ 60. Kf3 Qc6+ 61. Kf4 $2 {[#]} (61. e4 Qc3+ 62. Ke2) 61... Qg2 (61... Qc4 $142 $1 62. Re4 Qc1+ 63. Kf3 Qc6) 62. Ke3 Qb7 63. Kf4 {[#]} (63. Rc5 $142) 63... Qb3 $2 (63... Qb2 $1 $19 64. Re4 Kd5) 64. Rc5 $2 (64. Ke4 $1 $11 {and White is okay.}) 64... Qb2 65. Ke3 Qa3+ 66. Ke4 $1 {Accuracy: White = 69%, Black = 80%.} 1/2-1/2

[Event "FIDE Online Olympiad Top Division 2020"]
[Site "Online"]
[Date "2020.08.24"]
[Round "?"]
[White "Svane, Rasmus"]
[Black "Vidit, Santosh Gujrathi"]
[Result "0-1"]
[WhiteElo "2534"]
[BlackElo "2619"]
[Annotator "TA"]
[PlyCount "116"]
[EventDate "2020.08.21"]

{[%evp 13,116,0,0,0,1,-6,0,-10,0,0,0,0,0,0,0,-10,13,-37,-50,-84,-82,-79,-68,-97,-77,-78,-57,-61,-37,-38,-39,-39,-33,-39,-17,0,-33,-31,0,0,0,0,0,0,0,0,27,23,25,28,11,21,4,15,29,18,12,27,29,27,27,24,45,33,33,20,14,0,0,-31,-44,-126,0,-60,0,0,0,-80,0,0,0,0,0,0,0,0,0,0,0,0,0,-38,-14,-12,-38,-29977,-29976,-29981,-29982,-29981,-29982,-29982,-29982,-29982,-29983]} 1. Nf3 d5 2. g3 g6 3. Bg2 Bg7 4. d4 Nf6 5. O-O O-O 6. c3 Nbd7 7. a4 a5 8. Bf4 {D02: 1 d4 d5 2 Nf3 sidelines, including 2...Nf6 3 g3 and 2...Nf6 3 Bf4.} c6 9. Qb3 {[#]} Nh5 $146 ({Predecessor:} 9... Qb6 10. Qa3 Re8 11. Nbd2 Qa6 12. Rfe1 h6 13. e4 Nxe4 14. Nxe4 dxe4 15. Rxe4 Nf6 16. Rxe7 {1-0 (38) Moussard,J (2571)-Thorfinnsson,B (2426) chess.com INT 2018}) 10. Bg5 {The position is equal.} h6 11. Be3 e6 12. c4 Qe7 13. Qc2 Nhf6 14. Rd1 Ne4 15. Nfd2 Nd6 16. cxd5 exd5 17. Nf3 Nf6 18. Nc3 Bf5 19. Qc1 Kh7 20. Bf4 Nde4 21. Be5 Ng4 {White must now prevent ...f6.} 22. Bxg7 Kxg7 23. Rf1 Nxc3 24. bxc3 Qxe2 25. h3 $1 {[%cal Rh3g4]} Nf6 $1 26. Ne5 Ne4 27. Rb1 Qa6 28. g4 Be6 29. Qe3 Rfe8 30. f4 f6 $1 {[%cal Rf6e5] [#]} 31. Nxg6 $1 {[%mdl 576] Remove Defender} Kxg6 32. Bxe4+ dxe4 33. f5+ {[%mdl 64] Double Attack} Kg7 34. fxe6 Rxe6 35. Rf5 Rf8 36. Rh5 Rh8 {[#]} 37. c4 $1 {[%mdl 512]} Re7 (37... Qxc4 38. Rxb7+) 38. Rc5 {[%mdl 1024] White has compensation.} Qa7 39. Rf1 Qb6 40. Rcf5 Rd8 41. Rc5 Qb2 42. d5 {[#]} (42. Rd1 $1 $15) 42... cxd5 ({Black should try} 42... Qb4 $1 $17 43. Kh2 (43. dxc6 $2 Rd3 $19) 43... Rd6) 43. cxd5 (43. Rb5 $1 $11 Qe5 44. Kg2) 43... Qe5 (43... Qb6 $15 44. Kf2 Red7) 44. Rf5 $1 $11 {[%cal Rf5e5]} Qa1+ 45. Rf1 (45. Kg2 $11) 45... Qe5 ({Better is} 45... Qxa4 $17 {Hoping for ...Rd6.} 46. Qc3 Rd6 47. Rxa5 Qd7) 46. Rf5 $1 {[%cal Rf5e5]} Qa1+ 47. Kg2 Qb2+ 48. Kg3 Qb6 49. Kf2 Qd6 50. Kg2 Re5 51. Rxe5 Qxe5 {[%mdl 4096] Endgame KQR-KQR} 52. Rb5 Rd7 $36 {[%mdl 2048] Black has some pressure.} 53. h4 Rc7 {...Rc2+ is the strong threat.} 54. Kh3 $2 {[%mdl 8192] [#] Now White is beyond hope.} (54. Qf2 $15) 54... Rc3 $1 {Black mates.} 55. Rxb7+ {[#]} Kf8 $1 {[%mdl 512]} 56. Rb8+ {[#]} Ke7 $1 {[%mdl 512]} 57. Rb7+ {[#]} Kd8 $1 {[%mdl 512]} 58. Rb8+ {[#]} Kc7 $1 {[%mdl 512] Accuracy: White = 81%, Black = 90%.} 0-1

[Event "FIDE Online Olympiad Top Division 2020"]
[Site "Online"]
[Date "2020.08.22"]
[Round "?"]
[White "rasmussvane"]
[Black "Virgo15"]
[Result "1-0"]
[WhiteElo "2510"]
[BlackElo "2456"]
[Annotator "NA"]
[PlyCount "97"]
[EventDate "2020.08.21"]
[SourceTitle "playchess.com"]
[Source "ChessBase"]
[SourceQuality "1"]
[TimeControl "900+5"]

1. Nf3 {[%emt 0:00:04]} Nf6 {[%emt 0:00:05]} 2. g3 {[%emt 0:00:04]} e6 {[%emt 0:00:01]} 3. Bg2 {[%emt 0:00:01]} d5 {[%emt 0:00:01]} 4. O-O {[%emt 0:00:01]} b5 {[%emt 0:00:06]} 5. d3 {[%emt 0:00:02]} Bb7 {[%emt 0:00:01]} 6. c4 {[%emt 0:00:08]} dxc4 {[%emt 0:00:21]} 7. dxc4 {[%emt 0:00:00]} Qxd1 {[%emt 0:00:18]} 8. Rxd1 {[%emt 0:00:00]} b4 {[%emt 0:01:26]} 9. Bf4 {[%emt 0:01:17]} Na6 {[%emt 0:02:11]} 10. Nbd2 {[%emt 0:02:03]} Bd6 {[%emt 0:02:54]} 11. Nb3 {[%emt 0:00:02]} Bxf4 {[%emt 0:01:57]} 12. gxf4 {[%emt 0:00:00]} O-O {[%emt 0:01:16]} 13. Ne5 {[%emt 0:01:25]} Bxg2 {[%emt 0:00:23]} 14. Kxg2 {[%emt 0:00:00]} Rfd8 {[%emt 0:04:05]} 15. Rxd8+ {[%emt 0:00:35]} Rxd8 {[%emt 0:00:02]} 16. Nc6 {[%emt 0:00:01]} Ra8 {[%emt 0:00:34]} 17. a3 {[%emt 0:00:04]} bxa3 {[%emt 0:00:01]} 18. Rxa3 {[%emt 0:00:00]} Nb8 {[%emt 0:00:02]} 19. Nxa7 {[%emt 0:03:14]} Kf8 {[%emt 0:00:03]} 20. Kf3 {[%emt 0:00:28]} Ke8 {[%emt 0:00:03]} 21. Nd4 {[%emt 0:00:33]} Nbd7 {[%emt 0:00:24]} 22. Ndc6 {[%emt 0:00:26]} Nb6 {[%emt 0:00:03]} 23. b3 {[%emt 0:00:05]} Nfd7 {[%emt 0:00:13]} 24. Ra5 {[%emt 0:00:29]} Nb8 {[%emt 0:00:16]} 25. Nxb8 {[%emt 0:00:41]} Rxb8 {[%emt 0:00:01]} 26. Nc6 {[%emt 0:00:01]} Rb7 {[%emt 0:00:11]} 27. Ke4 {[%emt 0:00:19]} f6 {[%emt 0:00:01]} 28. Kd4 {[%emt 0:00:39]} Kd7 {[%emt 0:00:07]} 29. Nb4 {[%emt 0:00:42]} Nc8 {[%emt 0:00:05]} 30. Nd3 {[%emt 0:00:01]} Ke7 {[%emt 0:00:11]} 31. b4 {[%emt 0:00:04]} Nd6 {[%emt 0:00:01]} 32. b5 {[%emt 0:00:07]} Nf5+ {[%emt 0:00:09]} 33. Kc5 {[%emt 0:00:03]} Rb6 {[%emt 0:00:01]} 34. Ra7 {[%emt 0:00:15]} Kd8 {[%emt 0:00:01]} 35. Kb4 {[%emt 0:00:18]} Rd6 {[%emt 0:00:02]} 36. Nc5 {[%emt 0:00:03]} Rd2 {[%emt 0:00:14]} 37. Nxe6+ {[%emt 0:00:19]} Kd7 {[%emt 0:00:01]} 38. e4 {[%emt 0:00:28]} Nd6 {[%emt 0:00:05]} 39. Nc5+ {[%emt 0:00:20]} Kd8 {[%emt 0:00:05]} 40. e5 {[%emt 0:00:03]} fxe5 {[%emt 0:00:08]} 41. fxe5 {[%emt 0:00:00]} Nf5 {[%emt 0:00:03]} 42. Ne6+ {[%emt 0:00:46]} Kd7 {[%emt 0:00:03]} 43. Nxc7 {[%emt 0:00:50]} Rxf2 {[%emt 0:00:02]} 44. Kc5 {[%emt 0:00:09]} Re2 {[%emt 0:00:06]} 45. e6+ {[%emt 0:00:07]} Ke7 {[%emt 0:00:01]} 46. b6 {[%emt 0:00:03]} Re5+ {[%emt 0:00:03]} 47. Nd5+ {[%emt 0:00:07]} Kxe6 {[%emt 0:00:11]} 48. b7 {[%emt 0:00:03]} Nd6 {[%emt 0:00:12]} 49. b8=Q {[%emt 0:00:08]} 1-0

[Event "FIDE Online Olympiad Top Division 2020"]
[Site "Online"]
[Date "2020.08.21"]
[Round "?"]
[White "Tanzja"]
[Black "Munguntuul_B"]
[Result "1-0"]
[WhiteElo "2492"]
[BlackElo "2420"]
[Annotator "ChessBase"]
[PlyCount "85"]
[EventDate "2020.08.21"]
[SourceTitle "playchess.com"]
[Source "ChessBase"]
[SourceQuality "1"]
[TimeControl "900+5"]

1. e4 {[%emt 0:00:05]} c5 {[%emt 0:00:04]} 2. Nf3 {[%emt 0:00:03]} e6 {[%emt 0:00:02]} 3. c3 {[%emt 0:00:02]} Nf6 {[%emt 0:00:05]} 4. e5 {[%emt 0:00:02]} Nd5 {[%emt 0:00:01]} 5. Bc4 {[%emt 0:00:01]} d6 {[%emt 0:00:05]} 6. d4 {[%emt 0:00:05]} cxd4 {[%emt 0:00:05]} 7. cxd4 {[%emt 0:00:01]} Nc6 {[%emt 0:00:01]} 8. O-O {[%emt 0:00:02]} Be7 {[%emt 0:00:09]} 9. exd6 {[%emt 0:00:03]} Qxd6 {[%emt 0:00:03]} 10. Nc3 {[%emt 0:00:06]} Nxc3 {[%emt 0:00:05]} 11. bxc3 {[%emt 0:00:03]} O-O {[%emt 0:00:19]} 12. Re1 {[%emt 0:00:22]} b6 {[%emt 0:01:36]} 13. Ng5 {[%emt 0:00:52]} h6 {[%emt 0:01:48]} 14. Ne4 {[%emt 0:00:09]} Qc7 {[%emt 0:00:08]} 15. Bd3 {[%emt 0:00:28]} f5 {[%emt 0:02:04]} 16. Ng3 {[%emt 0:01:02]} Na5 {[%emt 0:00:01]} 17. Qe2 {[%emt 0:01:13]} Bd6 {[%emt 0:02:20]} 18. Bd2 {[%emt 0:03:02]} Bd7 {[%emt 0:00:04]} 19. Qh5 {[%emt 0:00:45]} Rf6 {[%emt 0:01:27]} 20. d5 {[%emt 0:01:25]} exd5 {[%emt 0:05:10]} 21. Nxf5 {[%emt 0:00:24]} Raf8 {[%emt 0:00:01]} 22. Nxd6 {[%emt 0:00:48]} Qxd6 {[%emt 0:00:08]} 23. Be3 {[%emt 0:00:12]} Bf5 {[%emt 0:00:13]} 24. Be2 {[%emt 0:00:52]} Be4 {[%emt 0:00:25]} 25. f3 {[%emt 0:01:26]} Bf5 {[%emt 0:00:14]} 26. Bd4 {[%emt 0:00:03]} Rg6 {[%emt 0:00:01]} 27. Bf1 {[%emt 0:00:06]} Nc6 {[%emt 0:00:09]} 28. Rad1 {[%emt 0:00:10]} Qa3 {[%emt 0:00:14]} 29. c4 {[%emt 0:00:48]} Qxa2 {[%emt 0:00:10]} 30. cxd5 {[%emt 0:00:11]} Nxd4 {[%emt 0:00:05]} 31. Rxd4 {[%emt 0:00:03]} Rg5 {[%emt 0:00:01]} 32. Qh4 {[%emt 0:00:05]} Bd7 {[%emt 0:00:07]} 33. Qf2 {[%emt 0:00:07]} Qxf2+ {[%emt 0:00:07]} 34. Kxf2 {[%emt 0:00:01]} b5 {[%emt 0:00:06]} 35. d6 {[%emt 0:00:07]} a5 {[%emt 0:00:04]} 36. Re7 {[%emt 0:00:03]} Rf7 {[%emt 0:00:02]} 37. h4 {[%emt 0:00:08]} Rc5 {[%emt 0:00:02]} 38. Bd3 {[%emt 0:00:07]} a4 {[%emt 0:00:03]} 39. Bg6 {[%emt 0:00:07]} Rf6 {[%emt 0:00:10]} 40. Rxd7 {[%emt 0:00:14]} Rxg6 {[%emt 0:00:01]} 41. Rd8+ {[%emt 0:00:01]} Kh7 {[%emt 0:00:02]} 42. d7 {[%emt 0:00:02]} Rc2+ {[%emt 0:00:02]} 43. Ke3 {[%emt 0:00:02]} 1-0

[Event "FIDE Online Olympiad Top Division 2020"]
[Site "Online"]
[Date "2020.08.21"]
[Round "?"]
[White "Agibileg"]
[Black "chessdjw"]
[Result "1-0"]
[WhiteElo "2433"]
[BlackElo "2297"]
[Annotator "ChessBase"]
[PlyCount "115"]
[EventDate "2020.08.21"]
[SourceTitle "playchess.com"]
[Source "ChessBase"]
[SourceQuality "1"]
[TimeControl "900+5"]

1. d4 {[%emt 0:00:04]} Nf6 {[%emt 0:00:02]} 2. c4 {[%emt 0:00:04]} g6 {[%emt 0:00:01]} 3. Nc3 {[%emt 0:00:08]} d5 {[%emt 0:00:02]} 4. cxd5 {[%emt 0:00:01]} Nxd5 {[%emt 0:00:00]} 5. e4 {[%emt 0:00:01]} Nxc3 {[%emt 0:00:01]} 6. bxc3 {[%emt 0:00:00]} Bg7 {[%emt 0:00:01]} 7. Qa4+ {[%emt 0:00:02]} Qd7 {[%emt 0:00:16]} 8. Bb5 {[%emt 0:01:04]} c6 {[%emt 0:00:03]} 9. Be2 {[%emt 0:00:00]} O-O {[%emt 0:00:06]} 10. Nf3 {[%emt 0:00:01]} c5 {[%emt 0:00:20]} 11. Qxd7 {[%emt 0:00:17]} Nxd7 {[%emt 0:01:10]} 12. Be3 {[%emt 0:00:08]} b6 {[%emt 0:01:18]} 13. O-O-O {[%emt 0:00:08]} Bb7 {[%emt 0:00:19]} 14. Nd2 {[%emt 0:00:06]} cxd4 {[%emt 0:04:00]} 15. cxd4 {[%emt 0:00:03]} Rac8+ {[%emt 0:00:02]} 16. Kb1 {[%emt 0:00:03]} Nf6 {[%emt 0:00:01]} 17. f3 {[%emt 0:00:03]} Rc3 {[%emt 0:00:05]} 18. Bg5 {[%emt 0:00:53]} h6 {[%emt 0:01:43]} 19. Bh4 {[%emt 0:00:03]} Rd8 {[%emt 0:00:20]} 20. Nb3 {[%emt 0:02:28]} Nxe4 {[%emt 0:03:56]} 21. fxe4 {[%emt 0:00:56]} Bxe4+ {[%emt 0:00:00]} 22. Ka1 {[%emt 0:00:26]} Bc2 {[%emt 0:01:13]} 23. Rd2 {[%emt 0:05:10]} Bxb3 {[%emt 0:00:06]} 24. axb3 {[%emt 0:00:23]} Rxd4 {[%emt 0:00:03]} 25. Rxd4 {[%emt 0:00:29]} Bxd4 {[%emt 0:00:00]} 26. Kb1 {[%emt 0:00:29]} Rxb3+ {[%emt 0:00:03]} 27. Kc2 {[%emt 0:00:01]} Rb2+ {[%emt 0:01:16]} 28. Kd3 {[%emt 0:00:02]} Bc5 {[%emt 0:00:02]} 29. Bf3 {[%emt 0:00:17]} a5 {[%emt 0:00:07]} 30. Re1 {[%emt 0:00:09]} g5 {[%emt 0:00:03]} 31. Bg3 {[%emt 0:00:03]} a4 {[%emt 0:00:05]} 32. Be5 {[%emt 0:00:07]} Rb3+ {[%emt 0:00:38]} 33. Kc2 {[%emt 0:00:02]} Rb5 {[%emt 0:00:12]} 34. Rd1 {[%emt 0:00:06]} f6 {[%emt 0:00:03]} 35. Bc3 {[%emt 0:00:09]} Bd6 {[%emt 0:00:01]} 36. Bxf6 {[%emt 0:00:40]} exf6 {[%emt 0:00:01]} 37. Rxd6 {[%emt 0:00:01]} Kg7 {[%emt 0:00:01]} 38. Be4 {[%emt 0:00:41]} f5 {[%emt 0:00:10]} 39. Rd5 {[%emt 0:00:30]} Rxd5 {[%emt 0:00:09]} 40. Bxd5 {[%emt 0:00:00]} Kf6 {[%emt 0:00:02]} 41. Bc6 {[%emt 0:00:00]} Kf7 {[%emt 0:00:03]} 42. Bxa4 {[%emt 0:00:02]} f4 {[%emt 0:00:05]} 43. Kd3 {[%emt 0:00:01]} Kg6 {[%emt 0:00:04]} 44. Ke4 {[%emt 0:00:01]} Kh5 {[%emt 0:00:01]} 45. Be8+ {[%emt 0:00:11]} Kg4 {[%emt 0:00:03]} 46. Bd7+ {[%emt 0:00:03]} Kh4 {[%emt 0:00:05]} 47. Kf3 {[%emt 0:00:03]} Kh5 {[%emt 0:00:07]} 48. Be8+ {[%emt 0:00:01]} Kh4 {[%emt 0:00:01]} 49. h3 {[%emt 0:00:31]} h5 {[%emt 0:00:28]} 50. Bd7 {[%emt 0:00:07]} b5 {[%emt 0:00:07]} 51. Bxb5 {[%emt 0:00:02]} g4+ {[%emt 0:00:01]} 52. Kxf4 {[%emt 0:00:05]} g3 {[%emt 0:00:07]} 53. Kf3 {[%emt 0:00:01]} Kg5 {[%emt 0:00:02]} 54. Kxg3 {[%emt 0:00:00]} h4+ {[%emt 0:00:02]} 55. Kf3 {[%emt 0:00:02]} Kf5 {[%emt 0:00:00]} 56. Bd7+ {[%emt 0:00:03]} Kg5 {[%emt 0:00:01]} 57. Bc8 {[%emt 0:00:03]} Kh5 {[%emt 0:00:01]} 58. Kf4 {[%emt 0:00:01]} 1-0

[Event "FIDE Online Olympiad Top Division 2020"]
[Site "Online"]
[Date "2020.08.22"]
[Round "?"]
[White "Arabidze, Meri"]
[Black "Melamed, Tatjana"]
[Result "1-0"]
[WhiteElo "2400"]
[BlackElo "2492"]
[Annotator "ChessBase"]
[PlyCount "93"]
[EventDate "2020.08.21"]
[SourceTitle "playchess.com"]
[Source "ChessBase"]
[SourceQuality "1"]
[TimeControl "900+5"]

1. d4 {[%emt 0:00:02]} Nf6 {[%emt 0:00:03]} 2. c4 {[%emt 0:00:02]} g6 {[%emt 0:00:02]} 3. g3 {[%emt 0:00:08]} Bg7 {[%emt 0:00:01]} 4. Bg2 {[%emt 0:00:02]} O-O {[%emt 0:00:01]} 5. Nc3 {[%emt 0:00:02]} d6 {[%emt 0:00:02]} 6. e4 {[%emt 0:00:14]} c5 {[%emt 0:00:36]} 7. d5 {[%emt 0:00:44]} a6 {[%emt 0:00:23]} 8. a4 {[%emt 0:00:18]} e6 {[%emt 0:00:34]} 9. Nge2 {[%emt 0:00:08]} exd5 {[%emt 0:00:04]} 10. cxd5 {[%emt 0:00:06]} Nbd7 {[%emt 0:01:38]} 11. O-O {[%emt 0:00:03]} Re8 {[%emt 0:00:02]} 12. h3 {[%emt 0:00:29]} Rb8 {[%emt 0:00:02]} 13. Rb1 {[%emt 0:00:16]} b5 {[%emt 0:00:18]} 14. axb5 {[%emt 0:00:03]} axb5 {[%emt 0:00:01]} 15. b4 {[%emt 0:00:09]} cxb4 {[%emt 0:01:00]} 16. Rxb4 {[%emt 0:00:06]} Nc5 {[%emt 0:00:01]} 17. Bf4 {[%emt 0:01:44]} Nh5 {[%emt 0:00:32]} 18. Be3 {[%emt 0:00:05]} Qa5 {[%emt 0:01:10]} 19. Qb1 {[%emt 0:00:10]} Bd7 {[%emt 0:00:11]} 20. g4 {[%emt 0:06:28]} Nf6 {[%emt 0:00:19]} 21. Bf4 {[%emt 0:00:40]} Rb6 {[%emt 0:01:47]} 22. Rb2 {[%emt 0:01:20]} h5 {[%emt 0:01:52]} 23. Ra2 {[%emt 0:00:52]} Na4 {[%emt 0:00:07]} 24. Bd2 {[%emt 0:00:06]} Reb8 {[%emt 0:01:09]} 25. g5 {[%emt 0:00:37]} Nh7 {[%emt 0:00:23]} 26. Qc2 {[%emt 0:01:09]} Qa8 {[%emt 0:00:16]} 27. Be3 {[%emt 0:00:29]} Ra6 {[%emt 0:00:08]} 28. Nxa4 {[%emt 0:00:13]} bxa4 {[%emt 0:00:38]} 29. h4 {[%emt 0:00:16]} Rc8 {[%emt 0:00:26]} 30. Qd3 {[%emt 0:00:07]} Ra5 {[%emt 0:00:29]} 31. Bd4 {[%emt 0:00:02]} Bb5 {[%emt 0:00:06]} 32. Qe3 {[%emt 0:00:07]} Bxe2 {[%emt 0:00:10]} 33. Rxe2 {[%emt 0:00:00]} Bxd4 {[%emt 0:00:06]} 34. Qxd4 {[%emt 0:00:01]} a3 {[%emt 0:00:13]} 35. Ra2 {[%emt 0:00:02]} Qa6 {[%emt 0:00:06]} 36. Rfa1 {[%emt 0:00:03]} Rc4 {[%emt 0:00:16]} 37. Qe3 {[%emt 0:00:03]} Rca4 {[%emt 0:00:15]} 38. Qg3 {[%emt 0:00:07]} Nf8 {[%emt 0:00:24]} 39. e5 {[%emt 0:00:24]} dxe5 {[%emt 0:00:01]} 40. Qxe5 {[%emt 0:00:01]} Qc4 {[%emt 0:00:02]} 41. Qg3 {[%emt 0:00:06]} Nd7 {[%emt 0:00:34]} 42. d6 {[%emt 0:00:07]} Ne5 {[%emt 0:00:09]} 43. Qe3 {[%emt 0:00:11]} Ng4 {[%emt 0:00:17]} 44. Qe8+ {[%emt 0:00:03]} Kg7 {[%emt 0:00:02]} 45. d7 {[%emt 0:00:01]} Qf4 {[%emt 0:00:10]} 46. d8=Q {[%emt 0:00:04]} Qxf2+ {[%emt 0:00:03]} 47. Rxf2 {[%emt 0:00:02]} 1-0

[Event "FIDE Online Olympiad Top Division 2020"]
[Site "Online"]
[Date "2020.08.22"]
[Round "?"]
[White "Kacharava, Nikolozi"]
[Black "Vogel, Roven"]
[Result "0-1"]
[WhiteElo "2386"]
[BlackElo "2113"]
[Annotator "ChessBase"]
[PlyCount "92"]
[EventDate "2020.08.21"]
[SourceTitle "playchess.com"]
[Source "ChessBase"]
[SourceQuality "1"]
[TimeControl "900+5"]

1. e4 {[%emt 0:00:01]} e5 {[%emt 0:00:03]} 2. Nf3 {[%emt 0:00:01]} Nc6 {[%emt 0:00:02]} 3. Bc4 {[%emt 0:00:01]} Bc5 {[%emt 0:00:02]} 4. c3 {[%emt 0:00:01]} Nf6 {[%emt 0:00:02]} 5. d3 {[%emt 0:00:00]} d6 {[%emt 0:00:04]} 6. O-O {[%emt 0:00:02]} h6 {[%emt 0:00:01]} 7. Nbd2 {[%emt 0:00:05]} O-O {[%emt 0:00:04]} 8. h3 {[%emt 0:00:02]} a5 {[%emt 0:00:03]} 9. Re1 {[%emt 0:00:06]} a4 {[%emt 0:00:13]} 10. Bb5 {[%emt 0:00:44]} a3 {[%emt 0:00:04]} 11. b4 {[%emt 0:00:12]} Ba7 {[%emt 0:00:14]} 12. Qb3 {[%emt 0:00:36]} Ne7 {[%emt 0:00:07]} 13. d4 {[%emt 0:00:27]} c6 {[%emt 0:01:21]} 14. Bf1 {[%emt 0:00:50]} Be6 {[%emt 0:00:15]} 15. Bc4 {[%emt 0:00:53]} d5 {[%emt 0:00:07]} 16. exd5 {[%emt 0:00:06]} cxd5 {[%emt 0:00:00]} 17. Bf1 {[%emt 0:00:17]} e4 {[%emt 0:00:04]} 18. Ne5 {[%emt 0:00:44]} Nd7 {[%emt 0:01:45]} 19. Nxd7 {[%emt 0:00:07]} Qxd7 {[%emt 0:00:24]} 20. Bxa3 {[%emt 0:01:17]} b5 {[%emt 0:00:03]} 21. Bb2 {[%emt 0:00:50]} Bb8 {[%emt 0:00:03]} 22. Qc2 {[%emt 0:00:54]} Qc7 {[%emt 0:03:00]} 23. g3 {[%emt 0:00:38]} Bd7 {[%emt 0:01:22]} 24. Nxe4 {[%emt 0:03:17]} Bf5 {[%emt 0:00:14]} 25. Nf6+ {[%emt 0:01:05]} gxf6 {[%emt 0:00:03]} 26. Qe2 {[%emt 0:00:06]} Be6 {[%emt 0:01:08]} 27. Qxb5 {[%emt 0:00:08]} h5 {[%emt 0:01:11]} 28. h4 {[%emt 0:01:08]} f5 {[%emt 0:00:56]} 29. f4 {[%emt 0:02:02]} Kh7 {[%emt 0:00:21]} 30. Bg2 {[%emt 0:00:14]} Rg8 {[%emt 0:00:08]} 31. Re3 {[%emt 0:00:03]} Nc8 {[%emt 0:00:36]} 32. Qe2 {[%emt 0:00:11]} Rg4 {[%emt 0:02:23]} 33. Re1 {[%emt 0:00:17]} Rxa2 {[%emt 0:00:10]} 34. Rxe6 {[%emt 0:00:07]} fxe6 {[%emt 0:00:02]} 35. Qxe6 {[%emt 0:00:02]} Nd6 {[%emt 0:00:02]} 36. Qf6 {[%emt 0:00:12]} Rg7 {[%emt 0:00:15]} 37. Re2 {[%emt 0:00:08]} Rxb2 {[%emt 0:00:09]} 38. Rxb2 {[%emt 0:00:03]} Qxc3 {[%emt 0:00:02]} 39. Re2 {[%emt 0:00:10]} Qxg3 {[%emt 0:00:02]} 40. Qe6 {[%emt 0:00:07]} Qxf4 {[%emt 0:00:14]} 41. Rf2 {[%emt 0:00:03]} Qxd4 {[%emt 0:00:12]} 42. Qe2 {[%emt 0:00:01]} Ba7 {[%emt 0:00:08]} 43. Qxh5+ {[%emt 0:00:12]} Kg8 {[%emt 0:00:01]} 44. Qe2 {[%emt 0:00:05]} Ne4 {[%emt 0:00:08]} 45. Qa2 {[%emt 0:00:04]} Qxf2+ {[%emt 0:00:05]} 46. Qxf2 {[%emt 0:00:01]} Bxf2+ {[%emt 0:00:01]} 0-1